000 00702nam a22002057a 4500
005 20260211155747.0
010 _aENG-147800
020 _a9788198885746
_c1580.00
035 _aEN-131332
037 _bDBAD
082 _a320.12095
_21
100 _aKrishna, Vaishali
_987302
245 0 0 _aGeopolitics and Security in Europe/
_cVaishali Krishna
250 _a1
260 _aNew Delhi
_bKW Publishers KW Publishers in association with Centre for Land Warfare Studies
_c2026
270 _a4676/21, First Floor, Ansari Road, Daryaganj,
_bNew Delhi
_e110002
300 _a272p.
_c23cm(hb)
500 _aEvolving Mongolia Russia India Relations
942 _2ddc
_cEN
_h320.12095
_mKRI
999 _c214809
_d214809